Racial contestations in the black lives matter movements: Ther memoir approach (Record no. 21851)

MARC details
000 -LEADER
fixed length control field 00611nam a22001937a 4500
003 - CONTROL NUMBER IDENTIFIER
control field OSt
005 - DATE AND TIME OF LATEST TRANSACTION
control field 20260506162103.0
008 - FIXED-LENGTH DATA ELEMENTS--GENERAL INFORMATION
fixed length control field 260506b |||||||| |||| 00| 0 eng d
040 ## - CATALOGING SOURCE
Transcribing agency Chuka University
050 ## - LIBRARY OF CONGRESS CALL NUMBER
Classification number THE PS 356
Item number .G58 2024
100 ## - MAIN ENTRY--PERSONAL NAME
Personal name James Gitonga
9 (RLIN) 23981
245 ## - TITLE STATEMENT
Title Racial contestations in the black lives matter movements: Ther memoir approach
260 ## - PUBLICATION, DISTRIBUTION, ETC.
Place of publication, distribution, etc. Chuka,Kenya
Name of publisher, distributor, etc. Chuka University
Date of publication, distribution, etc. 2024
300 ## - PHYSICAL DESCRIPTION
Extent 123P
650 ## - SUBJECT ADDED ENTRY--TOPICAL TERM
Topical term or geographic name entry element 1. Black lives matter
9 (RLIN) 23997
650 ## - SUBJECT ADDED ENTRY--TOPICAL TERM
Topical term or geographic name entry element 2. African American civil rights
9 (RLIN) 23998
650 ## - SUBJECT ADDED ENTRY--TOPICAL TERM
Topical term or geographic name entry element 3. Critism and interpretation
9 (RLIN) 23999
942 ## - ADDED ENTRY ELEMENTS (KOHA)
Source of classification or shelving scheme Library of Congress Classification
Koha item type Thesis & Dissertations
Suppress in OPAC No
Holdings
Withdrawn status Lost status Source of classification or shelving scheme Damaged status Not for loan Collection Home library Current library Shelving location Date acquired Total Checkouts Full call number Barcode Date last seen Copy number Price effective from Koha item type
    Library of Congress Classification   Not For Loan Thesis and Dissertations Main Campus Library Chogoria Campus Library Reserve Section 06/05/2026   THE PS 356 .G58 2024 25896/2025 06/05/2026 C.3 06/05/2026 Thesis & Dissertations
    Library of Congress Classification   Not For Loan Thesis and Dissertations Main Campus Library Embu Campus Library General Stacks 06/05/2026   THE PS 356 .G58 2024 25897/2025 06/05/2026 C.2 06/05/2026 Thesis & Dissertations
    Library of Congress Classification   Not For Loan Thesis and Dissertations Main Campus Library Postgraduate Library Reserve Section 06/05/2026   THE PS 356 .G58 2024 25895/2025 06/05/2026 C.1 06/05/2026 Thesis & Dissertations

Powered by Koha